[Event "ENCI Limburg-open A"]
[Site "Maastricht"]
[Date "2011.06.13"]
[Round "6"]
[White "Offringa, Joost"]
[Black "Tonndorf, Matthias"]
[Result "0-1"]
[WhiteElo "2060"]
[BlackElo "2196"]
[PlyCount "43"]
[EventDate "2011.06.10"]
[EventType "swiss"]
[EventRounds "7"]
[EventCountry "NED"]
[Source "P.Boonen"]
[SourceDate "2012.01.01"]

1. e4 c5 2. c3 Nf6 3. e5 Nd5 4. b4 cxb4 5. c4 Nc7 6. Nf3 g6 7. d4 d5 8. exd6
Qxd6 9. a3 Bg7 10. c5 Qd8 11. Bc4 Be6 12. Bxe6 Nxe6 13. Be3 Nc6 14. Ra2 Qd5 15.
Rd2 a5 16. axb4 axb4 17. O-O O-O 18. Qe2 Ra5 19. Rfd1 Rfa8 20. Qd3 h6 21. Rb2
Nxc5 22. dxc5 0-1

[Event "ENCI Limburg-open A"]
[Site "Maastricht"]
[Date "2011.06.13"]
[Round "6"]
[White "Priebe, Jan"]
[Black "Van Assendelft, Floris"]
[Result "0-1"]
[WhiteElo "2252"]
[BlackElo "2384"]
[PlyCount "78"]
[EventDate "2011.06.10"]
[EventType "swiss"]
[EventRounds "7"]
[EventCountry "NED"]
[Source "P.Boonen"]
[SourceDate "2012.01.01"]

1. e4 c5 2. Nf3 d6 3. d4 cxd4 4. Nxd4 Nf6 5. Nc3 a6 6. Be3 e6 7. Be2 Qc7 8. a4
Nc6 9. O-O Be7 10. f4 O-O 11. Bf3 Rb8 12. Kh1 Re8 13. Qe1 Nd7 14. Rd1 Bf6 15.
Qf2 Nxd4 16. Bxd4 b5 17. axb5 axb5 18. Rd2 b4 19. Ne2 e5 20. Be3 Ba6 21. f5 b3
22. Rc1 Bxe2 23. Bxe2 Rec8 24. c3 Be7 25. g4 h6 26. Rg1 Bg5 27. h4 Bxe3 28.
Qxe3 Qc5 29. Qg3 Kf8 30. g5 hxg5 31. Qxg5 Ke8 32. Bf3 Nf6 33. Qxg7 Qe3 34. Qxf6
Qxf3+ 35. Rgg2 Ra8 36. Kh2 Qf4+ 37. Kh3 Qf3+ 38. Rg3 Qh1+ 39. Rh2 Qxe4 0-1

[Event "ENCI Limburg-open A"]
[Site "Maastricht"]
[Date "2011.06.13"]
[Round "6"]
[White "Roufs, Gerard"]
[Black "Gunther, Justin"]
[Result "1/2-1/2"]
[WhiteElo "2006"]
[BlackElo "2054"]
[PlyCount "58"]
[EventDate "2011.06.10"]
[EventType "swiss"]
[EventRounds "7"]
[EventCountry "NED"]
[Source "P.Boonen"]
[SourceDate "2012.01.01"]

1. d4 Nf6 2. c4 c5 3. d5 e6 4. Nc3 exd5 5. cxd5 d6 6. e4 g6 7. Bd3 Bg7 8. h3
O-O 9. Nf3 b5 10. Bxb5 Nxe4 11. Nxe4 Qa5+ 12. Nfd2 Qxb5 13. Nxd6 Qd7 14. N2c4
Qe7+ 15. Be3 Ba6 16. Qc2 Nd7 17. O-O Nb6 18. Rfd1 Rfd8 19. Nxb6 axb6 20. Nc4
Qc7 21. Bg5 Rd7 22. Ne3 Qe5 23. Bh4 Qxb2 24. Qxb2 Bxb2 25. Rab1 Bd4 26. Rxb6
Bb7 27. Ng4 f5 28. Rxd4 fxg4 29. Rxg4 Bxd5 1/2-1/2

[Event "ENCI Limburg-open A"]
[Site "Maastricht"]
[Date "2011.06.13"]
[Round "6"]
[White "Scholzen, Wolfgang"]
[Black "Turov, Maxim"]
[Result "0-1"]
[WhiteElo "2082"]
[BlackElo "2634"]
[PlyCount "66"]
[EventDate "2011.06.10"]
[EventType "swiss"]
[EventRounds "7"]
[EventCountry "NED"]
[Source "P.Boonen"]
[SourceDate "2012.01.01"]

1. d4 Nf6 2. Nf3 g6 3. e3 Bg7 4. Bd3 O-O 5. O-O d6 6. c3 Nbd7 7. Nbd2 e5 8. e4
Nh5 9. dxe5 dxe5 10. Nb3 Nf4 11. Bxf4 exf4 12. Qc2 g5 13. Rfd1 g4 14. Nfd4 Ne5
15. Nf5 Qg5 16. Nxg7 Kxg7 17. Nd4 c5 18. Nf5+ Kh8 19. Kh1 Bxf5 20. exf5 g3 21.
fxg3 fxg3 22. Be2 Qh4 23. h3 Rad8 24. Rxd8 Rxd8 25. Rd1 Rxd1+ 26. Qxd1 Kg7 27.
Kg1 Qf4 28. Qf1 Qe3+ 29. Kh1 Kf6 30. Qd1 Kxf5 31. Bg4+ Kf6 32. Qd6+ Kg7 33. Qd1
Nd3 0-1

[Event "ENCI Limburg-open A"]
[Site "Maastricht"]
[Date "2011.06.13"]
[Round "6"]
[White "Schroer, Marcel"]
[Black "Ducarmon, Renzo"]
[Result "0-1"]
[WhiteElo "2108"]
[BlackElo "1960"]
[PlyCount "116"]
[EventDate "2011.06.10"]
[EventType "swiss"]
[EventRounds "7"]
[EventCountry "NED"]
[Source "P.Boonen"]
[SourceDate "2012.01.01"]

1. e4 c5 2. Nf3 d6 3. d4 cxd4 4. Nxd4 Nf6 5. Nc3 e6 6. g4 h6 7. g5 hxg5 8. Bxg5
Nc6 9. Qd2 Qb6 10. O-O-O a6 11. h4 Bd7 12. Be2 O-O-O 13. Nb3 Be7 14. f4 Ne8 15.
Bxe7 Nxe7 16. Rh3 Bc6 17. Nd4 Nf6 18. Nxc6 Qxc6 19. Qd4 d5 20. e5 Nf5 21. Qf2
Nd7 22. Nb5 Qb6 23. Nd4 Nc5 24. Qg1 Nxd4 25. Qxd4 Kb8 26. h5 Rc8 27. b4 Nd7 28.
Qxb6 Nxb6 29. Rg3 Rh7 30. Rdg1 Rg8 31. c3 Nc8 32. Rg5 Ne7 33. Bd3 g6 34. hxg6
fxg6 35. Bxg6 Rh3 36. Kb2 Rf8 37. R1g4 Rf3 38. Bh7 R3xf4 39. Rxf4 Rxf4 40. Bg8
Rf5 41. Rxf5 exf5 42. Bh7 Kc7 43. Kb3 Kd7 44. c4 Ke6 45. b5 axb5 46. cxb5 b6
47. a4 Kxe5 48. Kb4 d4 49. a5 Nd5+ 50. Kc4 bxa5 51. Bg8 Ne7 52. Bf7 Nc8 53. Bh5
Nd6+ 54. Kc5 a4 55. b6 a3 56. Bf7 d3 57. Kb4 d2 58. Bb3 a2 0-1

[Event "ENCI Limburg-open A"]
[Site "Maastricht"]
[Date "2011.06.13"]
[Round "6"]
[White "Solleveld, Maarten"]
[Black "Tomov, Georgi"]
[Result "1/2-1/2"]
[WhiteElo "2507"]
[BlackElo "2278"]
[PlyCount "53"]
[EventDate "2011.06.10"]
[EventType "swiss"]
[EventRounds "7"]
[EventCountry "NED"]
[Source "P.Boonen"]
[SourceDate "2012.01.01"]

1. e4 e5 2. Nf3 Nc6 3. Bb5 Nf6 4. d3 d6 5. O-O Be7 6. c3 a6 7. Ba4 O-O 8. Nbd2
b5 9. Bc2 Re8 10. a4 Be6 11. h3 h6 12. d4 Bd7 13. Bd3 exd4 14. cxd4 Nb4 15. Bb1
bxa4 16. e5 Nh7 17. Ne4 Bb5 18. Re1 dxe5 19. Nxe5 Nf6 20. Nxf6+ Bxf6 21. Be4
Bxe5 22. Bxa8 Nd3 23. dxe5 Nxe1 24. Qxe1 Qxa8 25. Ra3 Qd5 26. Rg3 Re6 27. Bf4
1/2-1/2

[Event "ENCI Limburg-open A"]
[Site "Maastricht"]
[Date "2011.06.13"]
[Round "6"]
[White "Surewaard, Wilbert"]
[Black "Olthof, Rene"]
[Result "1/2-1/2"]
[WhiteElo "2164"]
[BlackElo "2202"]
[PlyCount "26"]
[EventDate "2011.06.10"]
[EventType "swiss"]
[EventRounds "7"]
[EventCountry "NED"]
[Source "P.Boonen"]
[SourceDate "2012.01.01"]

1. d4 Nf6 2. Nf3 g6 3. g3 Bg7 4. Bg2 d5 5. O-O O-O 6. c4 Nc6 7. cxd5 Nxd5 8.
Nc3 Nb6 9. e3 Re8 10. b3 e5 11. dxe5 Qxd1 12. Nxd1 Nxe5 13. Nxe5 Bxe5 1/2-1/2

[Event "ENCI Limburg-open A"]
[Site "Maastricht"]
[Date "2011.06.13"]
[Round "6"]
[White "Thingstad, Even"]
[Black "Turova, Irina"]
[Result "1-0"]
[WhiteElo "2199"]
[BlackElo "2442"]
[PlyCount "85"]
[EventDate "2011.06.10"]
[EventType "swiss"]
[EventRounds "7"]
[EventCountry "NED"]
[Source "P.Boonen"]
[SourceDate "2012.01.01"]

1. d4 Nf6 2. c4 e6 3. Nc3 Bb4 4. Qc2 O-O 5. a3 Bxc3+ 6. Qxc3 Qe8 7. f3 d6 8. e4
e5 9. d5 Nfd7 10. g4 a5 11. b3 Nc5 12. Be3 Nba6 13. Ne2 Bd7 14. Ng3 b5 15. Be2
bxc4 16. Bxc4 Bb5 17. O-O Bxc4 18. Qxc4 c6 19. Nf5 cxd5 20. Qxd5 Qe6 21. b4 Nb3
22. Rab1 a4 23. Rfd1 g6 24. Qxe6 fxe6 25. Nh6+ Kh8 26. Rxd6 Nc7 27. Rd7 Nb5 28.
Nf7+ Kg8 29. Nh6+ Kh8 30. Nf7+ Kg8 31. Nxe5 Nxa3 32. Rbd1 Nc2 33. Bh6 Nbd4 34.
Bxf8 Kxf8 35. R1xd4 Nxd4 36. Rxd4 a3 37. Rd1 a2 38. Ra1 Ra3 39. Kf2 Ke7 40. Ke2
Kf6 41. Nd3 Kg5 42. b5 Kh4 43. Nf2 1-0

[Event "ENCI Limburg-open A"]
[Site "Maastricht"]
[Date "2011.06.13"]
[Round "6"]
[White "Timmermans, Ivo"]
[Black "Nabuurs, Joep"]
[Result "1-0"]
[WhiteElo "2219"]
[BlackElo "2212"]
[PlyCount "120"]
[EventDate "2011.06.10"]
[EventType "swiss"]
[EventRounds "7"]
[EventCountry "NED"]
[Source "P.Boonen"]
[SourceDate "2012.01.01"]

1. e4 c5 2. Nf3 d6 3. d4 cxd4 4. Nxd4 Nf6 5. Nc3 a6 6. Bg5 e6 7. f4 Be7 8. Qf3
Qc7 9. O-O-O Nbd7 10. g4 b5 11. Bxf6 Nxf6 12. g5 Nd7 13. f5 Bxg5+ 14. Kb1 Ne5
15. Qh5 Qe7 16. Rg1 Bf6 17. fxe6 g6 18. exf7+ Nxf7 19. Qe2 Bb7 20. a3 Bxd4 21.
Rxd4 Qe5 22. Rd2 Rc8 23. Qg4 O-O 24. h4 Rc5 25. Bd3 Bc8 26. Qd1 Be6 27. Be2 a5
28. Rd4 Rb8 29. h5 g5 30. Bg4 Bxg4 31. Rxg4 b4 32. axb4 axb4 33. Rd5 bxc3 34.
Rxe5 Rxb2+ 35. Kc1 Rxe5 36. Qd4 h6 37. Rg3 Rbb5 38. Rxc3 Rbc5 39. Rb3 Rc8 40.
Rb4 Rec5 41. Rb2 Re5 42. Rb7 Rec5 43. Rb2 Re5 44. Kd2 g4 45. Rb7 Ng5 46. Kd1
Nxe4 47. Qa7 Rg5 48. Rb8 Rxb8 49. Qxb8+ Kf7 50. Qb7+ Kf6 51. Qxe4 g3 52. Qg2 d5
53. Ke2 Ke5 54. Kf3 Rf5+ 55. Ke3 Rg5 56. Ke2 Kf4 57. Kf1 Rxh5 58. Qd2+ Kg4 59.
Qd1+ Kh4 60. Kg2 Rg5 1-0

[Event "ENCI Limburg-open A"]
[Site "Maastricht"]
[Date "2011.06.13"]
[Round "6"]
[White "Vandevoort, Pascal"]
[Black "Shchekachev, Andrei"]
[Result "0-1"]
[WhiteElo "2400"]
[BlackElo "2528"]
[PlyCount "74"]
[EventDate "2011.06.10"]
[EventType "swiss"]
[EventRounds "7"]
[EventCountry "NED"]
[Source "P.Boonen"]
[SourceDate "2012.01.01"]

1. e4 c5 2. Nf3 d6 3. d4 cxd4 4. Nxd4 Nf6 5. Nc3 a6 6. Bg5 e6 7. f4 Qc7 8. Bxf6
gxf6 9. f5 Nc6 10. Bc4 Nxd4 11. Qxd4 Rg8 12. O-O-O Bh6+ 13. Kb1 Bf4 14. fxe6
fxe6 15. Qxf6 Be5 16. Nb5 Qe7 17. Nxd6+ Bxd6 18. Qh6 Rg6 19. Qd2 e5 20. Be2 Be6
21. Bh5 O-O-O 22. Bxg6 hxg6 23. Qc3+ Kb8 24. Rd3 Rc8 25. Qd2 Bc5 26. Rd1 Qh4
27. Re1 Qxh2 28. Qg5 Qh5 29. Qf6 Rc6 30. Qg7 Qg5 31. Red1 Ka7 32. g3 Bg4 33.
Rf1 Be2 34. Rb3 Be7 35. Rf7 Rc7 36. Rc3 Qd2 37. a3 Qd1+ 0-1

[Event "ENCI Limburg-open A"]
[Site "Maastricht"]
[Date "2011.06.13"]
[Round "6"]
[White "Voicu, Carmen"]
[Black "Woestenburg, Jochem"]
[Result "1-0"]
[WhiteElo "2303"]
[BlackElo "2032"]
[PlyCount "59"]
[EventDate "2011.06.10"]
[EventType "swiss"]
[EventRounds "7"]
[EventCountry "NED"]
[Source "P.Boonen"]
[SourceDate "2012.01.01"]

1. e4 c5 2. Nf3 d6 3. d4 cxd4 4. Nxd4 Nf6 5. Nc3 a6 6. Bc4 e6 7. a4 Nc6 8. Ba2
Bd7 9. O-O Be7 10. Kh1 Nxd4 11. Qxd4 b5 12. f4 Bc6 13. f5 e5 14. Qd3 h6 15. Re1
Qb6 16. Qg3 Rg8 17. axb5 axb5 18. Qd3 Qb7 19. Bd2 b4 20. Nd5 Nxe4 21. Rxe4 Bxd5
22. Rxb4 Qc6 23. Rb8+ Kd7 24. Rxg8 Bxg2+ 25. Kg1 Rxg8 26. Bxf7 Ra8 27. Be6+ Ke8
28. Rxa8+ Qxa8 29. f6 Bh1 30. Qg6+ 1-0

[Event "ENCI Limburg-open A"]
[Site "Maastricht"]
[Date "2011.06.13"]
[Round "6"]
[White "Vrancken, Gilbert"]
[Black "Lenhardt, Manfred"]
[Result "0-1"]
[WhiteElo "2189"]
[BlackElo "2111"]
[PlyCount "75"]
[EventDate "2011.06.10"]
[EventType "swiss"]
[EventRounds "7"]
[EventCountry "NED"]
[Source "P.Boonen"]
[SourceDate "2012.01.01"]

1. e4 e6 2. d4 d5 3. e5 c5 4. c3 Nc6 5. Nf3 Bd7 6. Bd3 Qb6 7. O-O cxd4 8. cxd4
Nxd4 9. Nxd4 Qxd4 10. Nc3 a6 11. Qe2 Bc5 12. Kh1 Qh4 13. f4 Nh6 14. Bd2 Ng4 15.
g3 Qh3 16. f5 g6 17. fxe6 Bxe6 18. b4 Bxb4 19. Rab1 Bc5 20. Na4 Ba7 21. Bb4 Rc8
22. Bd6 b5 23. Nb2 Bc5 24. Rbc1 Bxd6 25. Rxc8+ Bxc8 26. exd6+ Be6 27. a4 O-O
28. axb5 axb5 29. Bxb5 Nh6 30. Qe5 Ng4 31. Qe2 Rb8 32. d7 Qh6 33. Nd3 Qe3 34.
Qxe3 Nxe3 35. Re1 d4 36. Bc6 Kf8 37. Nc5 Ke7 38. Na6 0-1

[Event "ENCI Limburg-open A"]
[Site "Maastricht"]
[Date "2011.06.13"]
[Round "6"]
[White "Wiley, Tom E"]
[Black "Dambacher, Martijn"]
[Result "1/2-1/2"]
[WhiteElo "2296"]
[BlackElo "2500"]
[PlyCount "96"]
[EventDate "2011.06.10"]
[EventType "swiss"]
[EventRounds "7"]
[EventCountry "NED"]
[Source "P.Boonen"]
[SourceDate "2012.01.01"]

1. d4 d5 2. c4 e6 3. Nc3 Nf6 4. cxd5 exd5 5. Bg5 Be7 6. e3 O-O 7. Qc2 Nbd7 8.
Nf3 Re8 9. Bd3 Nf8 10. h3 c6 11. O-O g6 12. Rab1 a5 13. a3 Nh5 14. Bxe7 Qxe7
15. b4 Ng7 16. Na4 Bf5 17. b5 cxb5 18. Rxb5 Qxa3 19. Bxf5 Nxf5 20. Nc5 a4 21.
Rd1 Nd6 22. Rbb1 b6 23. Rd3 Nc4 24. Qd1 Qa2 25. Ra1 Qb2 26. Nxa4 Qb4 27. Rb3
Qd6 28. Nc3 Ne6 29. Rbb1 Nc7 30. Nb5 Nxb5 31. Rxb5 Qc6 32. Rbb1 Ra5 33. Ne1
Rea8 34. Nd3 Rxa1 35. Rxa1 Rxa1 36. Qxa1 Qb5 37. Qe1 Qb3 38. Nf4 Qb5 39. Qe2
Qc6 40. Qf3 Nd2 41. Qd1 Ne4 42. f3 Nd6 43. Qb3 Nc4 44. Kf2 Kg7 45. Qb4 Nd6 46.
Qb3 Nc4 47. Qb4 Nd6 48. Qb3 Nc4 1/2-1/2

[Event "ENCI Limburg-open A"]
[Site "Maastricht"]
[Date "2011.06.13"]
[Round "6"]
[White "Wilschut, Peter"]
[Black "Goudriaan, Etienne"]
[Result "1/2-1/2"]
[WhiteElo "2214"]
[BlackElo "2307"]
[PlyCount "120"]
[EventDate "2011.06.10"]
[EventType "swiss"]
[EventRounds "7"]
[EventCountry "NED"]
[Source "P.Boonen"]
[SourceDate "2012.01.01"]

1. e4 c5 2. Nf3 d6 3. c3 Nf6 4. h3 g6 5. Bd3 Bg7 6. O-O O-O 7. Bc2 Nc6 8. d4
cxd4 9. cxd4 e5 10. Nc3 exd4 11. Nxd4 Nxd4 12. Qxd4 Be6 13. Qb4 d5 14. Rd1 Qc7
15. Bb3 a5 16. Qb5 dxe4 17. Bxe6 fxe6 18. Bg5 a4 19. Bxf6 Rxf6 20. Rd7 Qc6 21.
Qxb7 Qxb7 22. Rxb7 Rf7 23. Rxf7 Kxf7 24. a3 Bxc3 25. bxc3 Rc8 26. Rc1 Kf6 27.
Kf1 Ke5 28. Ke2 Kd5 29. Kd2 Rb8 30. Kc2 Rf8 31. Rd1+ Kc5 32. Rd2 h5 33. Re2 Rf4
34. g3 Rf3 35. Rxe4 Rxf2+ 36. Kd1 Rf3 37. g4 Rxc3 38. gxh5 gxh5 39. Rxe6 Rxh3
40. Re4 Rxa3 41. Rh4 Rd3+ 42. Kc2 Rd5 43. Rxa4 Kd6 44. Re4 Rg5 45. Kd3 Kd5 46.
Re8 Rg7 47. Rh8 Rg3+ 48. Ke2 Rh3 49. Kf2 Ke4 50. Kg2 Rh4 51. Kg3 Rh1 52. Kg2
Rh4 53. Kg3 Rg4+ 54. Kh3 Rg5 55. Re8+ Kf5 56. Rf8+ Ke6 57. Kh4 Rb5 58. Rf1 Re5
59. Rf8 Ke7 60. Rh8 Re1 1/2-1/2

[Event "ENCI Limburg-open A"]
[Site "Maastricht"]
[Date "2011.06.13"]
[Round "7"]
[White "Bekker, Stefan"]
[Black "Solleveld, Maarten"]
[Result "0-1"]
[WhiteElo "2162"]
[BlackElo "2507"]
[PlyCount "56"]
[EventDate "2011.06.10"]
[EventType "swiss"]
[EventRounds "7"]
[EventCountry "NED"]
[Source "P.Boonen"]
[SourceDate "2012.01.01"]

1. e4 c5 2. Nf3 e6 3. d4 cxd4 4. Nxd4 a6 5. Nc3 b5 6. Bd3 Qb6 7. Nb3 Qc7 8. Qf3
Bb7 9. Bf4 d6 10. Qh3 Nf6 11. f3 Nbd7 12. g4 g6 13. O-O-O b4 14. Ne2 Ne5 15.
Kb1 Nfd7 16. Rhe1 Bg7 17. Bd2 a5 18. f4 Nxd3 19. Qxd3 O-O 20. e5 Bd5 21. exd6
Qxd6 22. c4 Qa6 23. Nec1 Qxc4 24. Qxc4 Bxc4 25. Bxb4 axb4 26. Rxd7 Rfc8 27. Nd3
Bb5 28. Rd6 Ra6 0-1

[Event "ENCI Limburg-open A"]
[Site "Maastricht"]
[Date "2011.06.13"]
[Round "7"]
[White "Coenen, Eduard"]
[Black "Lenhardt, Manfred"]
[Result "0-1"]
[WhiteElo "2093"]
[BlackElo "2111"]
[PlyCount "122"]
[EventDate "2011.06.10"]
[EventType "swiss"]
[EventRounds "7"]
[EventCountry "NED"]
[Source "P.Boonen"]
[SourceDate "2012.01.01"]

1. d4 g6 2. Nf3 Bg7 3. c3 c5 4. dxc5 Na6 5. h4 h6 6. e4 Nxc5 7. Bc4 d6 8. Be3
Be6 9. Be2 Nf6 10. Nd4 Bd7 11. f3 a6 12. Nd2 Qc7 13. a4 e5 14. Nc2 Nxa4 15. Nb4
b5 16. Qc1 a5 17. Nd3 d5 18. h5 g5 19. Bf2 dxe4 20. Nxe4 Nxe4 21. fxe4 O-O 22.
O-O f5 23. Qc2 f4 24. Qd1 Rfd8 25. Qb3+ Kh8 26. Qf7 Rf8 27. Qe7 Rae8 28. Qa3 g4
29. g3 Qc6 30. Rfe1 f3 31. Bf1 Rc8 32. Rac1 Rfe8 33. Red1 Be6 34. b3 Nxc3 35.
Qxa5 Ne2+ 36. Bxe2 fxe2 37. Re1 Qxe4 38. Nc5 Rxc5 39. Rxc5 Bd5 40. Rxd5 Qxd5
41. Qa2 e4 42. Be3 Qe5 43. Bf4 Qxh5 44. Qxe2 Bd4+ 45. Be3 Qc5 46. Bxd4+ Qxd4+
47. Kg2 e3 48. Qxb5 Qe4+ 49. Kg1 e2 50. Qc5 Kg7 51. b4 Rf8 52. Qa7+ Rf7 53.
Qa1+ Rf6 54. Qa7+ Kg6 55. Qc5 Rf5 56. Qd6+ Kh5 57. Qd2 Rf3 58. Rxe2 Rxg3+ 59.
Kh2 Rh3+ 60. Kg1 Rh1+ 61. Kf2 Qf3# 0-1

[Event "ENCI Limburg-open A"]
[Site "Maastricht"]
[Date "2011.06.13"]
[Round "7"]
[White "Dambacher, Martijn"]
[Black "Braun, Christian1"]
[Result "1-0"]
[WhiteElo "2500"]
[BlackElo "2388"]
[PlyCount "129"]
[EventDate "2011.06.10"]
[EventType "swiss"]
[EventRounds "7"]
[EventCountry "NED"]
[Source "P.Boonen"]
[SourceDate "2012.01.01"]

1. d4 g6 2. c4 Bg7 3. e4 d6 4. Nc3 Nc6 5. Be3 e5 6. Nge2 Nh6 7. f3 f5 8. Qd2
fxe4 9. Nxe4 Nf5 10. Bg5 Bh6 11. dxe5 Bxg5 12. Nxg5 Nxe5 13. Nc3 O-O 14. O-O-O
c5 15. f4 Nc6 16. Nf3 Nfd4 17. Nxd4 Nxd4 18. Ne2 Bg4 19. Nxd4 cxd4 20. Be2 Bxe2
21. Qxe2 Rxf4 22. g3 Rf6 23. Rxd4 Qa5 24. Kb1 Raf8 25. Rhd1 Qf5+ 26. Qd3 Qc5
27. Rd5 Qc6 28. a3 Re6 29. Qd4 b6 30. h4 Rfe8 31. h5 Re4 32. Qf6 R4e6 33. Qf4
Rf8 34. Qd4 Rff6 35. hxg6 Rxg6 36. Rf1 Qe8 37. Ka2 Re4 38. Qd1 Qc8 39. Qf3 Re7
40. Qd3 Qe6 41. Rdf5 h6 42. Rf8+ Kh7 43. R1f4 Kg7 44. R4f5 Kh7 45. Rf4 Kg7 46.
Ra8 Rf6 47. Qd4 Qe5 48. Rg4+ Kf7 49. Qd2 b5 50. Rgg8 Ke6 51. Rac8 bxc4 52. Rxc4
Qd5 53. Qe3+ Kf7 54. Qb3 Qe6 55. Rd8 Kg7 56. Rg4+ Kf7 57. Rc4 Kg7 58. Rdc8 Rg6
59. a4 Qf6 60. Re4 Rf7 61. Ree8 h5 62. Rg8+ Kh6 63. Qe3+ Qg5 64. Rxg6+ Kxg6 65.
Rg8+ 1-0

[Event "ENCI Limburg-open A"]
[Site "Maastricht"]
[Date "2011.06.13"]
[Round "7"]
[White "De Wit, Albert"]
[Black "Beijerinck, Nick"]
[Result "0-1"]
[WhiteElo "2054"]
[BlackElo "2060"]
[PlyCount "62"]
[EventDate "2011.06.10"]
[EventType "swiss"]
[EventRounds "7"]
[EventCountry "NED"]
[Source "P.Boonen"]
[SourceDate "2012.01.01"]

1. e4 c5 2. c3 Nf6 3. e5 Nd5 4. d4 cxd4 5. Nf3 e6 6. cxd4 Nc6 7. Bc4 d6 8. O-O
Be7 9. Qe2 O-O 10. Nc3 Nb6 11. Bd3 dxe5 12. dxe5 Nd4 13. Nxd4 Qxd4 14. Rd1 Qc5
15. Qe4 g6 16. Bh6 Rd8 17. Rac1 Bd7 18. Qf4 Qb4 19. Ne4 Nd5 20. Qg3 Rac8 21.
Rxc8 Rxc8 22. Bg5 Bf8 23. Bf6 Qxb2 24. h4 Rc1 25. Qf3 Ba4 26. Rxc1 Qxc1+ 27.
Kh2 Qf4+ 28. Qxf4 Nxf4 29. Bc4 Bc6 30. Ng5 h6 31. Nf3 Bc5 0-1

[Event "ENCI Limburg-open A"]
[Site "Maastricht"]
[Date "2011.06.13"]
[Round "7"]
[White "Dorr, Yannick"]
[Black "Vrancken, Gilbert"]
[Result "0-1"]
[WhiteElo "1917"]
[BlackElo "2189"]
[PlyCount "48"]
[EventDate "2011.06.10"]
[EventType "swiss"]
[EventRounds "7"]
[EventCountry "NED"]
[Source "P.Boonen"]
[SourceDate "2012.01.01"]

1. e4 c5 2. Nf3 Nc6 3. c3 Nf6 4. e5 Nd5 5. d4 cxd4 6. cxd4 d6 7. Be2 g6 8. O-O
Bg7 9. Bc4 Nb6 10. Bb5 O-O 11. Bf4 Bg4 12. Bxc6 bxc6 13. h3 Bf5 14. Nc3 Nc4 15.
b3 Nb2 16. Qd2 Nd3 17. Bh2 dxe5 18. dxe5 Nxe5 19. Qe3 Nxf3+ 20. Qxf3 Qd3 21.
Qxd3 Bxd3 22. Rfc1 Rfd8 23. a3 Bf5 24. Bg3 Rd3 0-1

[Event "ENCI Limburg-open A"]
[Site "Maastricht"]
[Date "2011.06.13"]
[Round "7"]
[White "Driessens, Patrick"]
[Black "Dalemans, Diana"]
[Result "1/2-1/2"]
[WhiteElo "2324"]
[BlackElo "1947"]
[PlyCount "81"]
[EventDate "2011.06.10"]
[EventType "swiss"]
[EventRounds "7"]
[EventCountry "NED"]
[Source "P.Boonen"]
[SourceDate "2012.01.01"]

1. d4 Nf6 2. Nf3 g6 3. g3 Bg7 4. Bg2 O-O 5. O-O d6 6. b3 Nbd7 7. Bb2 Re8 8. c4
c6 9. Nc3 e5 10. dxe5 dxe5 11. Ng5 Nc5 12. b4 Ne6 13. Nge4 Nd4 14. e3 Nf5 15.
Qxd8 Rxd8 16. Rfd1 Be6 17. Nc5 Nd6 18. Nxe6 fxe6 19. Bf1 Nf7 20. b5 c5 21. a4
Rxd1 22. Rxd1 Rd8 23. a5 Rxd1 24. Nxd1 b6 25. h4 Ne8 26. Ba3 Nfd6 27. Nc3 Nf6
28. a6 Nd7 29. Bd3 Kf7 30. Kg2 Ke7 31. Kf1 Bh8 32. Ke2 Bg7 33. Kd2 Kd8 34. g4
Kc7 35. Ke2 Nf6 36. f3 e4 37. Nxe4 Ndxe4 38. Bxe4 Nxe4 39. fxe4 h5 40. Kf3 e5
41. Bb2 1/2-1/2

[Event "ENCI Limburg-open A"]
[Site "Maastricht"]
[Date "2011.06.13"]
[Round "7"]
[White "Ducarmon, Quinten"]
[Black "Timmermans, Ivo"]
[Result "1/2-1/2"]
[WhiteElo "2347"]
[BlackElo "2219"]
[PlyCount "73"]
[EventDate "2011.06.10"]
[EventType "swiss"]
[EventRounds "7"]
[EventCountry "NED"]
[Source "P.Boonen"]
[SourceDate "2012.01.01"]

1. e4 e5 2. Nf3 Nc6 3. Bb5 a6 4. Ba4 Nf6 5. O-O Nxe4 6. d4 b5 7. Bb3 d5 8. dxe5
Be6 9. Qe2 Be7 10. Rd1 O-O 11. c4 bxc4 12. Bxc4 Bc5 13. Be3 Bxe3 14. Qxe3 Qb8
15. Bb3 Qb6 16. Qxb6 cxb6 17. Na3 Rfd8 18. Nc2 Rac8 19. Ncd4 h6 20. Nxc6 Rxc6
21. h3 Rcc8 22. Nd4 g5 23. Rac1 Kf8 24. Rxc8 Rxc8 25. f3 Nc5 26. Kf2 Nd7 27.
Re1 Nb8 28. Ke3 Nd7 29. Kf2 Nb8 30. g3 Nc6 31. Nxc6 Rxc6 32. Ke3 d4+ 33. Kxd4
Bxb3 34. axb3 Rc2 35. h4 Rxb2 36. Re3 gxh4 37. gxh4 1/2-1/2

[Event "ENCI Limburg-open A"]
[Site "Maastricht"]
[Date "2011.06.13"]
[Round "7"]
[White "Ducarmon, Renzo"]
[Black "Broekmeulen, Jasper"]
[Result "0-1"]
[WhiteElo "1960"]
[BlackElo "2390"]
[PlyCount "98"]
[EventDate "2011.06.10"]
[EventType "swiss"]
[EventRounds "7"]
[EventCountry "NED"]
[Source "P.Boonen"]
[SourceDate "2012.01.01"]

1. e4 e5 2. Bc4 Nf6 3. d3 c6 4. Nf3 d6 5. c3 g6 6. O-O Bg7 7. Nbd2 O-O 8. Re1
h6 9. Bb3 Nbd7 10. d4 Re8 11. Nc4 Qe7 12. dxe5 Nxe5 13. Qxd6 Nxc4 14. Qxe7 Rxe7
15. Bxc4 Rxe4 16. Rxe4 Nxe4 17. Be3 Bg4 18. Rd1 b5 19. Bb3 a5 20. h3 Bxf3 21.
gxf3 Nf6 22. Rd6 a4 23. Bc2 Rc8 24. Bd4 Ne8 25. Rd7 Bxd4 26. Rxd4 Kg7 27. c4
Kf6 28. cxb5 cxb5 29. Bd3 Rc5 30. Rh4 Nd6 31. Rb4 Ke5 32. Kg2 Kd5 33. Be4+ Nxe4
34. fxe4+ Kc6 35. a3 Rc1 36. f3 Rd1 37. Kf2 g5 38. Kg3 Rd3 39. Kg4 f6 40. Kg3
h5 41. Kf2 Kc5 42. Ke2 Rd4 43. Rxd4 Kxd4 44. Kd2 f5 45. exf5 Ke5 46. Ke3 Kxf5
47. Ke2 Kf4 48. Kf2 h4 49. Ke2 Kg3 0-1

[Event "ENCI Limburg-open A"]
[Site "Maastricht"]
[Date "2011.06.13"]
[Round "7"]
[White "Ernst, Sipke"]
[Black "Van Assendelft, Floris"]
[Result "1-0"]
[WhiteElo "2596"]
[BlackElo "2384"]
[PlyCount "73"]
[EventDate "2011.06.10"]
[EventType "swiss"]
[EventRounds "7"]
[EventCountry "NED"]
[Source "P.Boonen"]
[SourceDate "2012.01.01"]

1. d4 d6 2. Nf3 Bg4 3. e4 Nf6 4. Nbd2 g6 5. Bc4 Nc6 6. c3 Bg7 7. Qc2 O-O 8. h3
Bd7 9. d5 Nb8 10. O-O c6 11. Re1 cxd5 12. exd5 b5 13. Bb3 Na6 14. Ne4 Nxe4 15.
Qxe4 Re8 16. Qh4 Nc5 17. Bg5 f6 18. Bh6 Nxb3 19. axb3 e5 20. dxe6 Rxe6 21. Rxe6
Bxe6 22. Bxg7 Kxg7 23. Nd4 Qd7 24. Ra6 b4 25. Qg3 bxc3 26. bxc3 Bf7 27. Rxd6
Qe8 28. Ra6 Qc8 29. Rc6 Qe8 30. Rc7 a5 31. Re7 Qc8 32. Qf3 Ra6 33. Qd5 Qg8 34.
Qb7 Rd6 35. Qc7 Ra6 36. Ne6+ Kh8 37. Nd8 1-0

[Event "ENCI Limburg-open A"]
[Site "Maastricht"]
[Date "2011.06.13"]
[Round "7"]
[White "Esser, Norbert"]
[Black "Klein, David"]
[Result "0-1"]
[WhiteElo "2185"]
[BlackElo "2359"]
[PlyCount "56"]
[EventDate "2011.06.10"]
[EventType "swiss"]
[EventRounds "7"]
[EventCountry "NED"]
[Source "P.Boonen"]
[SourceDate "2012.01.01"]

1. e4 c5 2. Nf3 d6 3. c3 Nf6 4. h3 e6 5. d3 Nc6 6. Nbd2 d5 7. Be2 Be7 8. O-O
O-O 9. Re1 b5 10. a4 b4 11. c4 dxe4 12. dxe4 Qc7 13. Qc2 Bb7 14. b3 e5 15. Nh2
Nd4 16. Qb1 Qc6 17. Bd3 Nh5 18. Ng4 Nf4 19. Nf1 Nxh3+ 20. Kh1 f5 21. Nxe5 Nxf2+
22. Kg1 Qc7 23. exf5 Nxd3 24. Nxd3 Rxf5 25. Ra2 Bh4 26. Ne3 Rh5 27. Nd5 Qh2+
28. Kxh2 Bf2# 0-1